• 首页
  • 本馆介绍
  • 公告通知
  • 最新文献
  • 馆藏检索
  • 电子资源
  • 读者导购
  • 参考咨询
  • 我的图书馆
  • 登录
  • 详细信息显示
  • 放入我的书架
  • 预约/预借图书
  • 作者相关作品
  • 分类相关作品
  • 丛书相关作品
  • 出版社相关作品

书目信息

  • 表格格式
  • 工作单格式
  • 卡片格式
题名:
工程数学
    
 
作者: ;同济大学数学教研室
分册:  
出版信息: 北京   高等教育出版社  1982.10
页数: 553页
开本: 21cm
丛书名:
单 册:
中图分类: K901.9-53
科图分类:
主题词: 地理
电子资源:
ISBN: 7-04-001270-7
000 00653nam0 2200205 450
001 2255302326
005 20221011160928.04
010    @a7-04-001270-7@dCNY86.00
100    @a20221009d1982 km y0chiy0120 ea
101 0  @achi
102    @aCN@b110000
200 1  @a工程数学@AGong Cheng Shu Xue@f同济大学数学教研室@FTong Ji Da Xue Shu Xue Jiao Yan Shi
210    @a北京@c高等教育出版社@d1982.10
210    @a北京@c高等教育出版社
215    @a553页@d21cm
606 0  @a地理
690    @aK901.9-53@v4
711 02 @a同济大学数学教研室@ATong Ji Da Xue Shu Xue Jiao Yan Shi
801  0 @aCN@b大连网信软件有限公司图书馆·11@c20221011
905    @aZUCC@dK901.9-53@eZYT7
    
    工程数学/同济大学数学教研室.-北京:高等教育出版社,1982.10.-北京:高等教育出版社
    553页;21cm
    
    
    ISBN 7-04-001270-7:CNY86.00
    
●
相关链接 在E读中查询图书 在五车中查询图书 在当当中查询图书 在豆瓣中查询图书


正题名:工程数学     索取号:K901.9-53/ZYT7         预约/预借

序号 登录号 条形码 馆藏地/架位号 状态 备注
1 1057174   210571745   密集书库-资源管理系/ [索取号:K901.9-53/ZYT7] 在馆    
2 1057175   210571754   密集书库-资源管理系/ [索取号:K901.9-53/ZYT7] 在馆    
3 7905249   279052490   密集书库-资源管理系/ [索取号:K901.9-53/ZYT7] 在馆    
唐山师范学院图书馆 欢迎您!
大连网信软件有限公司© 版权所有